| 000 | 01314nam a2200289Ia 4500 | ||
|---|---|---|---|
| 001 | ebr10055416 | ||
| 003 | CaPaEBR | ||
| 006 | m u | ||
| 007 | cr cn||||||||| | ||
| 008 | 890801s1989 dcua sb 000 0 eng d | ||
| 020 | _z0309040825 | ||
| 040 |
_aCaPaEBR _cCaPaEBR |
||
| 035 | _a(OCoLC)70772760 | ||
| 050 | 1 | 4 |
_aQB521 _b.N37 1989eb |
| 082 | 0 | 4 |
_a523.7 _220 |
| 110 | 2 |
_aNational Research Council (U.S.). _bCommittee on Solar Physics. |
|
| 245 | 1 | 4 |
_aThe field of solar physics _h[electronic resource] : _breview and recommendations for ground-based solar research : report of the Committee on Solar Physics, Commission on Physical Sciences, Mathematics, and Resources, National Research Council. |
| 260 |
_aWashington, D.C. : _bNational Academy Press, _c1989. |
||
| 300 |
_aviii, 64 p. : _bill. |
||
| 504 | _aIncludes bibliographical references (p. 60-64). | ||
| 533 |
_aElectronic reproduction. _bPalo Alto, Calif. : _cebrary, _d2013. _nAvailable via World Wide Web. _nAccess may be limited to ebrary affiliated libraries. |
||
| 650 | 0 | _aAstronomy. | |
| 651 | 0 |
_aSun _xResearch _zUnited States. |
|
| 655 | 7 |
_aElectronic books. _2local |
|
| 710 | 2 | _aebrary, Inc. | |
| 856 | 4 | 0 |
_uhttp://site.ebrary.com/lib/rucke/Doc?id=10055416 _zAn electronic book accessible through the World Wide Web; click to view |
| 999 |
_c64820 _d64820 |
||